[Event "FRA-ch Youth U18 2018"]
[Site "Agen"]
[Date "2018.04.17"]
[Round "4"]
[White "Milroy, Melena"]
[Black "Rollot, Florence"]
[Result "1-0"]
[WhiteElo "1718"]
[BlackElo "2042"]
[Annotator "NA"]
[PlyCount "105"]
[EventDate "2018.??.??"]
[EventType "swiss"]
[EventCountry "FRA"]
[SourceTitle "playchess.com"]
[Source "ChessBase"]
[SourceQuality "1"]
[TimeControl "5400+30"]

1. e4 {[%emt 0:00:00]} d5 {[%emt 0:00:07]} 2. exd5 {[%emt 0:00:00]} Qxd5 {[%emt 0:00:04]} 3. Nc3 {[%emt 0:00:00]} Qa5 {[%emt 0:00:04]} 4. d4 {[%emt 0:00:00]} Nf6 {[%emt 0:00:05]} 5. Nf3 {[%emt 0:00:00]} Bf5 {[%emt 0:00:08]} 6. Ne5 {[%emt 0:00:03]} c6 {[%emt 0:00:08]} 7. g4 {[%emt 0:00:05]} Bg6 {[%emt 0:13:17] LiveBook: 8 Games [#]} (7... Be6 $1 $11) 8. h4 $1 {[%emt 0:00:39]} Nbd7 {[%emt 0:09:39] [#]} 9. Nc4 $1 {[%emt 0:01:41]} Qc7 {[%emt 0:00:32]} 10. h5 {[%emt 0:00:23]} Be4 {[%emt 0:00:25] B01: Scandinavian Defence} 11. Nxe4 {[%emt 0:00:05]} Nxe4 {[%emt 0:00:08]} 12. Qf3 {[%emt 0:00:05]} Nd6 {[%emt 0:07:38]} 13. Bf4 {[%emt 0:00:09]} Nb6 {[%emt 0:03:52]} 14. Ne3 {[%emt 0:01:19]} e6 {[%emt 0:06:35]} 15. c4 {[%emt 0:06:13]} Na4 $146 {[%emt 0:10:17]} ({Predecessor:} 15... c5 16. d5 exd5 17. Nxd5 Nxd5 18. Qxd5 {1-0 (39) Zifroni,D (2489)-Haimovich,T (2425) Herzliya 2008}) 16. O-O-O {[%emt 0:01:48]} c5 {[%emt 0:06:14]} 17. dxc5 {[%emt 0:09:42]} Qxc5 {[%emt 0:00:42]} 18. Bxd6 {[%emt 0:00:28]} Bxd6 {[%emt 0:00:07]} 19. Qxb7 {[%emt 0:00:42]} Nb6 {[%emt 0:13:12]} 20. Qe4 {[%emt 0:11:57]} Rb8 {[%emt 0:10:59]} 21. Nf5 {[%emt 0:23:05]} Be5 {[%emt 0:01:58]} 22. b4 $11 {[%emt 0:22:11]} Qc7 {[%emt 0:09:21]} 23. Nd4 {[%emt 0:20:11]} Bf4+ {[%emt 0:04:32]} 24. Kb2 {[%emt 0:00:37]} Nxc4+ {[%emt 0:01:07]} 25. Bxc4 {[%emt 0:00:30]} Qxc4 {[%emt 0:00:03]} 26. Qc6+ {[%emt 0:00:09]} Qxc6 {[%emt 0:00:41]} 27. Nxc6 {[%emt 0:00:04]} Ra8 {[%emt 0:00:28]} 28. Rd4 {[%emt 0:00:31]} Bg5 {[%emt 0:00:07]} 29. Kb3 {[%emt 0:00:19]} Bf6 {[%emt 0:00:53]} 30. Rd3 {[%emt 0:00:07]} O-O {[%emt 0:00:27]} 31. f3 {[%emt 0:00:29]} Rfc8 {[%emt 0:00:21]} 32. b5 {[%emt 0:00:23]} a6 {[%emt 0:01:01]} 33. a4 {[%emt 0:00:20]} Kf8 {[%emt 0:00:38]} 34. Rd7 {[%emt 0:00:13]} Ke8 {[%emt 0:00:49]} 35. Rhd1 {[%emt 0:00:09]} g6 {[%emt 0:00:40]} 36. hxg6 {[%emt 0:00:22]} hxg6 {[%emt 0:00:04]} 37. Kb4 {[%emt 0:00:26]} axb5 {[%emt 0:00:36]} 38. axb5 {[%emt 0:00:19]} Ra2 {[%emt 0:00:23]} 39. Kc5 {[%emt 0:00:38]} Bg5 {[%emt 0:00:52]} 40. Kb6 {[%emt 0:00:51]} Rca8 {[%emt 0:00:33]} 41. Kb7 {[%emt 0:00:56]} f5 {[%emt 0:00:24]} 42. gxf5 {[%emt 0:01:20]} gxf5 {[%emt 0:00:15]} 43. b6 {[%emt 0:00:26]} Be3 {[%emt 0:00:58]} 44. Na7 {[%emt 0:00:51]} R8xa7+ {[%emt 0:00:15]} 45. bxa7 {[%emt 0:00:09]} Rxa7+ {[%emt 0:00:09]} 46. Kc6 {[%emt 0:00:09]} Ra6+ {[%emt 0:00:49]} 47. Kb5 {[%emt 0:00:45]} Rb6+ {[%emt 0:00:11]} 48. Ka5 {[%emt 0:00:25]} f4 {[%emt 0:00:38]} 49. Rh7 {[%emt 0:01:15]} Rb2 {[%emt 0:00:48]} 50. Rdd7 {[%emt 0:00:51]} Rb6 {[%emt 0:00:43]} 51. Ra7 {[%emt 0:00:30]} Rb5+ {[%emt 0:00:32]} 52. Kxb5 {[%emt 0:00:15]} Bxa7 {[%emt 0:00:01]} 53. Rxa7 {[%emt 0:00:10]} 1-0

[Event "FRA-ch Youth U18 2018"]
[Site "Agen"]
[Date "2018.04.17"]
[Round "4"]
[White "Da Silva, Alexandre"]
[Black "O'Sullivan, Thomas"]
[Result "0-1"]
[WhiteElo "1513"]
[BlackElo "2291"]
[Annotator "NA"]
[PlyCount "78"]
[EventDate "2018.??.??"]
[EventType "swiss"]
[EventCountry "FRA"]
[SourceTitle "playchess.com"]
[Source "ChessBase"]
[SourceQuality "1"]
[TimeControl "5400+30"]

1. d4 {[%emt 0:00:00]} Nf6 {[%emt 0:00:18]} 2. Bf4 {[%emt 0:00:00]} g6 {[%emt 0:01:10]} 3. Nf3 {[%emt 0:00:46]} Bg7 {[%emt 0:00:07]} 4. e3 {[%emt 0:00:19]} d6 {[%emt 0:01:59]} 5. Bd3 {[%emt 0:02:26] LiveBook: 8 Games} Nbd7 {[%emt 0:07:10] A48: 1 d4 Nf6 2 Nf3 g6: Torre, London and Colle Systems} (5... c5 6. c3 Nh5 7. Bg5 h6 8. Bh4 cxd4 9. cxd4 g5 10. Bg3 Nc6 11. Nc3 a6 12. a3 Bd7 13. d5 Nxg3 14. dxc6 Nxh1 15. cxd7+ Qxd7 {0-1 (47) Brumen,D (2338)-Martinovic,S (2565) Slovenia 2017}) 6. O-O {[%emt 0:06:54]} Nh5 {[%emt 0:01:06]} 7. Re1 {[%emt 0:09:42]} c5 {[%emt 0:05:50]} 8. c3 {[%emt 0:01:31]} O-O {[%emt 0:04:41]} 9. Bg5 {[%emt 0:05:21]} h6 $146 {[%emt 0:02:45]} ({Predecessor:} 9... Nhf6 10. Nbd2 Qb6 11. Nc4 Qc7 12. e4 b5 13. Na3 c4 14. Bb1 {1-0 (32) Kokanovic,D (2175)-Ilic,S (2212) Banja Vrucica 2013}) 10. Bh4 {[%emt 0:01:09]} Ndf6 {[%emt 0:01:28]} 11. Bxf6 {[%emt 0:06:43]} Nxf6 {[%emt 0:04:18]} 12. Nbd2 {[%emt 0:00:31]} b6 {[%emt 0:07:48]} 13. Ne4 {[%emt 0:06:36]} Nd5 {[%emt 0:06:11]} 14. Qb3 {[%emt 0:07:59]} Nc7 {[%emt 0:05:28]} 15. Ng3 {[%emt 0:03:29]} e5 {[%emt 0:06:21]} 16. dxe5 {[%emt 0:03:58]} dxe5 {[%emt 0:01:10]} 17. Rad1 {[%emt 0:00:46]} Qe7 {[%emt 0:00:42]} 18. Be4 {[%emt 0:06:21]} ({Avoid the trap} 18. Bxg6 $2 Be6 $19) 18... Rb8 {[%emt 0:04:22]} 19. c4 {[%emt 0:01:14]} Be6 {[%emt 0:09:00]} 20. Bd5 {[%emt 0:09:39]} Rfd8 {[%emt 0:02:19]} 21. Ne2 {[%emt 0:01:41]} ({Better is} 21. Bxe6 $11 Nxe6 22. Nd2) 21... Bxd5 {[%emt 0:03:11]} 22. cxd5 {[%emt 0:00:18]} e4 {[%emt 0:00:07]} 23. Nd2 {[%emt 0:06:13]} Nxd5 {[%emt 0:00:23]} 24. Ng3 {[%emt 0:03:42]} Nf6 {[%emt 0:03:56]} 25. Qc2 {[%emt 0:01:07]} Qe6 {[%emt 0:03:42]} 26. Ngxe4 {[%emt 0:05:06]} Nxe4 {[%emt 0:01:10]} 27. Nxe4 {[%emt 0:00:15]} Qxa2 {[%emt 0:00:58]} 28. Nc3 {[%emt 0:00:34]} Qc4 $19 {[%emt 0:00:53]} 29. Ra1 {[%emt 0:01:47]} b5 {[%emt 0:01:37]} 30. Rxa7 {[%emt 0:01:55]} b4 {[%emt 0:03:35]} 31. Ra4 {[%emt 0:00:08]} Rd3 {[%emt 0:01:50]} 32. Qe2 {[%emt 0:04:25]} Bxc3 {[%emt 0:01:18]} 33. bxc3 {[%emt 0:01:43]} Rxc3 {[%emt 0:00:15]} 34. Qxc4 {[%emt 0:00:10]} Rxc4 {[%emt 0:00:10]} 35. Rb1 {[%emt 0:00:20]} Rc2 {[%emt 0:00:46]} 36. Kf1 {[%emt 0:00:19]} b3 {[%emt 0:00:27]} 37. g3 {[%emt 0:02:03]} b2 {[%emt 0:00:29]} 38. Kg2 {[%emt 0:00:58]} Rc1 {[%emt 0:00:14]} 39. Rxb2 {[%emt 0:00:42]} Rxb2 {[%emt 0:00:11]} 0-1

[Event "FRA-ch Youth U18 2018"]
[Site "Agen"]
[Date "2018.04.18"]
[Round "5"]
[White "Laurent-Paoli, Pierre"]
[Black "Mohammad, Fahim"]
[Result "0-1"]
[WhiteElo "2355"]
[BlackElo "2355"]
[Annotator "TA"]
[PlyCount "92"]
[EventDate "2018.??.??"]
[EventType "swiss"]
[EventCountry "FRA"]
[SourceTitle "playchess.com"]
[Source "ChessBase"]
[SourceQuality "1"]

{[%evp 18,92,54,40,69,68,86,72,96,105,133,0,0,-223,59,0,0,0,0,0,0,0,0,-2,-12,-17,-15,-35,101,-121,-110,-141,-141,-137,-86,-133,-72,-176,-60,-125,-119,-131,-131,-183,-137,-143,-81,-197,-160,-293,-261,-268,-270,-325,-260,-472,-282,-298,-264,-468,-349,-943,-942,-800,-229,-702,-668,-1249,-1127,-1215,-855,-29967,-5841,-29974,-29975,-5689,-1726]} 1. d4 d5 {[%cal Bd7d5,Bd5c4][%mdl 32]} 2. c4 dxc4 3. Nf3 a6 4. e3 b5 5. a4 Bb7 6. b3 e6 {D22: Queen's Gambit Accepted: 3 Nf3 a6 4 e3} 7. bxc4 bxc4 8. Bxc4 Nf6 9. Nbd2 Nbd7 10. Rb1 {LiveBook: 11 Games} Qc8 $146 ({Predecessor:} 10... Rb8 11. O-O Be7 12. Qe2 O-O 13. Bb2 c5 14. Bxa6 Bxa6 15. Qxa6 {½-½ (31) Aronian,L (2809)-Svidler,P (2747) London 2013}) 11. O-O c5 12. Ba3 cxd4 13. Bxf8 Nxf8 14. Qb3 ({Much worse is} 14. exd4 $6 Ng6 $14) (14. Nxd4 $16 {And now Qb3 would win.} N8d7 15. Qb3) 14... dxe3 $11 15. Rfc1 $2 (15. fxe3 $11 {and White has nothing to worry.} Bxf3 16. Nxf3 (16. Rxf3 N8d7 $17)) 15... Qd7 $2 (15... exd2 $19 16. Bb5+ axb5 17. Rxc8+ Rxc8 18. Nxd2 N8d7) 16. Ne5 (16. Qxb7 $14 Qxb7 17. Rxb7 exd2 18. Nxd2) 16... exf2+ 17. Kh1 {[#]} Bxg2+ $1 18. Kxg2 Qxd2 19. Qb7 Qg5+ 20. Kh1 $132 {[%mdl 2048] White has counterplay} Qxe5 21. Qxa8+ Ke7 22. Bf1 $1 Ne4 {[#]} (22... Rg8 $15 {keeps the upper hand.} 23. Qb8 Qd4) 23. Bd3 $2 (23. Rb7+ $1 $16 {is forced if you want to stay better.} Kf6 24. Qa7) 23... Nc5 24. Qf3 Nfd7 25. Bf1 Qd4 (25... Qd5 $142 26. Qxd5 exd5) 26. a5 Rd8 (26... f5 $142 27. Qc3 Qxc3 28. Rxc3 Kf6) 27. Rc4 (27. Rd1 $17 Qh4 28. Qg3 Qxg3 29. hxg3) 27... Qd2 ({Better is} 27... Qd5 $19 28. Qxd5 exd5) 28. Rf4 ({White should play} 28. Rd1 $15 Qe1 29. Rcd4) 28... f5 $17 {...Ne4 is the strong threat.} 29. Qxf2 Qxa5 30. Bg2 (30. Qg3 $17 Kf8 31. Rc4) 30... Qc3 31. Rf3 Qc4 (31... Qe5 $142 {White must now prevent ...Nf6.} 32. Qh4+ Nf6) 32. Re3 (32. Rf4 $17 Qd3 33. Qg1) 32... Kf7 33. Rbe1 (33. Rd1 $17) 33... Nf6 34. Qf1 Qd4 {Threatens to win with ...Nd3.} 35. Qe2 Rd6 36. Qc2 $2 (36. Bf3 {is a better defense.}) 36... a5 (36... Nd3 $142 {aiming for ...Ng4.} 37. Qc7+ Rd7) 37. Qc3 a4 {[%cal Ba5a4,Ba4a3,Ba3a2][%mdl 32]} 38. Qc2 $2 (38. Ra1) 38... Nce4 39. Qc7+ $2 (39. Bxe4 Nxe4 40. Rf3) 39... Rd7 $19 40. Qf4 Qd6 $2 (40... g5 41. Qf1 Ng4 42. Bxe4 Nxe3) 41. Rxe4 $2 (41. Qxd6 Rxd6 42. Rc1) 41... fxe4 42. Qh4 a3 43. Rf1 Qe5 44. Qe1 a2 45. Qa1 Qxa1 46. Rxa1 Rb7 {Precision: White = 16%, Black = 24%.} 0-1

[Event "FRA-ch Youth U18 2018"]
[Site "Agen"]
[Date "2018.04.18"]
[Round "5"]
[White "O'Sullivan, Thomas"]
[Black "Burri, Quentin"]
[Result "0-1"]
[WhiteElo "2291"]
[BlackElo "2405"]
[Annotator "TA"]
[PlyCount "86"]
[EventDate "2018.??.??"]
[EventType "swiss"]
[EventCountry "FRA"]
[SourceTitle "playchess.com"]
[Source "ChessBase"]
[SourceQuality "1"]

{[%evp 18,86,24,21,63,47,55,48,70,60,83,82,89,94,97,0,0,0,0,0,0,0,22,0,0,-14,-11,-12,-14,-51,-51,-52,-58,-53,-49,-98,-91,-96,-102,-87,-62,-65,-8,-64,-59,-67,-72,-223,-225,-379,-379,-411,-410,-404,-419,-347,-315,-5712,-29965,-29972,-29974,-29962,-503,-10777,-9803,-29973,-29966,-4915,-1184,-29982,-29983]} 1. d4 d5 2. c4 c6 3. Nc3 Nf6 4. Nf3 e6 5. Bg5 h6 6. Bh4 Nbd7 7. cxd5 exd5 8. e3 Be7 9. Qc2 O-O 10. Bd3 {LiveBook: 171 Games} b5 {D36: Queen's Gambit Declined: Exchange Variation: Main line (5 Bg5 c6 6 Qc2)} 11. O-O Bb7 12. Rfe1 Rc8 {White is slightly better.} 13. Bf5 $146 ({Predecessor:} 13. Qe2 Ne4 14. Bxe7 Qxe7 15. Rac1 a6 16. Nd2 c5 17. dxc5 Ndxc5 18. Ndxe4 dxe4 {0-1 (31) Campbell,A (2007)-Bahtiri,S Rhodes 2013}) 13... g6 14. Bxg6 fxg6 15. Qxg6+ Kh8 16. e4 (16. Qxh6+ $16 Nh7 17. a4) 16... Ng8 $11 17. Bxe7 Qxe7 18. exd5 Qg7 19. Nh4 Qxd4 20. Ne4 ({Much worse is} 20. Nf5 Qf6 $15) 20... cxd5 21. Nf5 Rxf5 $1 ({Wrong is} 21... Qxb2 $2 {[#]} 22. Ng5 $1 $18 {[%mdl 512]}) 22. Qxf5 dxe4 23. Rad1 Qf6 24. Qxd7 Rc2 25. Rd2 Bc6 $40 {[%mdl 128] Black mounts an attack.} 26. Qd8 Qxd8 27. Rxd8 Kg7 28. f3 exf3 29. gxf3 Bxf3 ({Black should play} 29... Rxb2 $15 30. Re6 Bxf3) 30. Rd7+ (30. Re3 $1 $11 Rg2+ 31. Kf1) 30... Kg6 $15 {And now ...Nf6 would win.} 31. Re3 Nf6 32. Rxa7 $2 {[#]} (32. Rd6 $17 Bd5 33. Re5) 32... Bd5 $19 33. Rg3+ $2 (33. Rd3 {is a better defense.} Rg2+ 34. Kf1 Rxb2 35. Ke1) 33... Kf5 34. Re7 Rc1+ 35. Kf2 Ne4+ 36. Rxe4 Bxe4 {[%mdl 4096] Endgame KRB-KR} 37. Rb3 $2 (37. Ke3) 37... Kf4 38. h3 Rc2+ 39. Ke1 Rc5 (39... h5 $142 40. Kd1 Rh2 41. Kc1 h4 42. a3 Bf5 43. Rxb5 Rxh3 44. a4 Rh1+ 45. Kd2 h3 46. Rb4+ Be4 47. Rb3 h2 48. Rh3 Rb1 49. Rh4+ Ke5 50. Kc3 h1=Q 51. Rxh1 Bxh1 52. Kc2 Rg1 53. Kc3 Rg3+ 54. Kc4 Bd5+ 55. Kb5 Rb3+ 56. Kc5 Rxb2 57. a5 Rb7 58. a6 Rb8 59. a7 Rb2 60. a8=Q Bxa8 61. Kc4 Rc2+ 62. Kd3 Be4+ 63. Ke3 Rc4 64. Kd2 Kf4 65. Ke2 Rc2+ 66. Kf1 Ke3 67. Kg1 Bf3 68. Kf1 Rc1#) 40. Ke2 (40. Kd2 $142) 40... h5 {[%cal Bh6h5,Bh5h4][%mdl 32]} 41. a3 h4 42. Rb4 Rg5 (42... Rc2+ $142 43. Kf1 Rh2) 43. Rb3 Rg3 {Precision: White = 29%, Black = 61%.} 0-1

[Event "FRA-ch Youth U18 2018"]
[Site "Agen"]
[Date "2018.04.18"]
[Round "5"]
[White "Nguyen, Vincent"]
[Black "Heliot, Xabi"]
[Result "0-1"]
[WhiteElo "2234"]
[BlackElo "2160"]
[Annotator "NA"]
[PlyCount "80"]
[EventDate "2018.??.??"]
[EventType "swiss"]
[EventCountry "FRA"]
[SourceTitle "playchess.com"]
[Source "ChessBase"]
[SourceQuality "1"]
[TimeControl "5400+30"]

1. d4 {[%emt 0:00:00]} Nf6 {[%emt 0:00:13]} 2. c4 {[%emt 0:00:00]} e6 {[%emt 0:00:06]} 3. Nc3 {[%emt 0:00:42]} Bb4 {[%emt 0:00:08]} 4. Qc2 {[%emt 0:00:27]} O-O {[%emt 0:00:33]} 5. e4 {[%emt 0:00:31]} d5 {[%emt 0:00:10]} 6. e5 {[%emt 0:00:34]} Ne4 {[%emt 0:00:09]} 7. a3 {[%emt 0:00:19]} Bxc3+ {[%emt 0:00:50]} 8. bxc3 {[%emt 0:00:01]} c5 {[%emt 0:00:58]} 9. Bd3 {[%emt 0:00:22]} cxd4 {[%emt 0:19:26]} 10. cxd4 {[%emt 0:01:17]} Qa5+ {[%emt 0:00:17] LiveBook: 52 Games E32: Nimzo-Indian: Classical (4 Qc2): 4...0-0} 11. Kf1 {[%emt 0:00:19]} Bd7 {[%emt 0:08:13]} 12. Ne2 {[%emt 0:13:56]} f5 {[%emt 0:05:58]} 13. exf6 {[%emt 0:05:14]} Nxf6 {[%emt 0:03:41]} 14. Bd2 {[%emt 0:05:34]} Qd8 {[%emt 0:04:55]} 15. Bg5 {[%emt 0:06:17]} h6 {[%emt 0:03:23] [#]} 16. Bf4 $146 {[%emt 0:13:40]} ({Find the theoretical novelty and annotate with similar games:} 16. Bh4 Nc6 17. cxd5 exd5 18. f3 {1-0 (35) Morozevich,A (2770)-Pelletier,Y (2599) Biel 2012}) 16... dxc4 {[%emt 0:02:38]} 17. Bxc4 {[%emt 0:02:16]} Nc6 {[%emt 0:05:38]} 18. Rb1 {[%emt 0:03:36]} Na5 {[%emt 0:05:09]} 19. Ba2 $15 {[%emt 0:02:23]} (19. Bc7 $1 $16 {[%cal Rc7d8]} Ng4 20. Bxd8 Ne3+ 21. Kg1 Nxc2 22. Bxa5 Nxa3 23. Rc1 (23. Rxb7 Nxc4 24. Rxd7 Nxa5 $11) 23... Nxc4 24. Rxc4) 19... Rc8 {[%emt 0:03:55]} 20. Qd3 {[%emt 0:01:29]} Kh8 {[%emt 0:04:55]} 21. Bd6 {[%emt 0:12:36]} Re8 {[%emt 0:04:52]} 22. Be5 {[%emt 0:07:23]} Bc6 {[%emt 0:02:55]} 23. Ng3 {[%emt 0:10:22]} Bd5 {[%emt 0:05:21]} 24. Bxd5 {[%emt 0:00:44]} Qxd5 {[%emt 0:04:14]} 25. Bxf6 {[%emt 0:03:24]} gxf6 {[%emt 0:00:03]} 26. Qg6 {[%emt 0:01:21]} Qg5 {[%emt 0:00:30]} 27. Qxg5 {[%emt 0:00:21]} hxg5 {[%emt 0:00:05]} 28. Ne4 {[%emt 0:00:45]} Red8 {[%emt 0:01:29]} 29. h4 {[%emt 0:02:24]} g4 {[%emt 0:03:04]} 30. Nxf6 {[%emt 0:00:23]} Rxd4 {[%emt 0:00:14]} 31. g3 {[%emt 0:00:54]} Rc5 {[%emt 0:05:58]} 32. Rb4 {[%emt 0:02:34]} Rxb4 {[%emt 0:00:47]} 33. axb4 {[%emt 0:00:02]} Rc1+ {[%emt 0:00:06]} 34. Kg2 {[%emt 0:00:01]} Rxh1 {[%emt 0:00:06]} 35. Kxh1 {[%emt 0:00:01]} Nc6 {[%emt 0:00:07]} 36. b5 {[%emt 0:01:22]} Nd4 {[%emt 0:00:08]} 37. Nxg4 {[%emt 0:00:04]} Nxb5 {[%emt 0:00:04]} 38. Ne3 {[%emt 0:00:41]} Nd4 {[%emt 0:00:40]} 39. Kg2 {[%emt 0:00:07]} a5 {[%emt 0:00:15]} 40. Kf1 {[%emt 0:00:21]} a4 {[%emt 0:00:08]} 0-1

[Event "FRA-ch Youth U18 2018"]
[Site "Agen"]
[Date "2018.04.18"]
[Round "5"]
[White "Lafortune, Emerick"]
[Black "Trabet, Nicolas"]
[Result "1-0"]
[WhiteElo "2112"]
[BlackElo "2241"]
[Annotator "NA"]
[PlyCount "119"]
[EventDate "2018.??.??"]
[EventType "swiss"]
[EventCountry "FRA"]
[SourceTitle "playchess.com"]
[Source "ChessBase"]
[SourceQuality "1"]
[TimeControl "5400+30"]

1. d4 {[%emt 0:00:00]} Nf6 {[%emt 0:00:05]} 2. c4 {[%emt 0:00:00]} c5 {[%emt 0:00:04]} 3. d5 {[%emt 0:00:00]} b5 {[%emt 0:00:07]} 4. cxb5 {[%emt 0:00:05]} a6 {[%emt 0:00:04]} 5. bxa6 {[%emt 0:00:06]} g6 {[%emt 0:00:05]} 6. Nc3 {[%emt 0:00:04]} Bxa6 {[%emt 0:00:04]} 7. e4 {[%emt 0:00:07]} Bxf1 {[%emt 0:00:05]} 8. Kxf1 {[%emt 0:00:05]} d6 {[%emt 0:00:06]} 9. Nf3 {[%emt 0:00:08]} Bg7 {[%emt 0:00:05]} 10. g3 {[%emt 0:00:06]} O-O {[%emt 0:00:07]} 11. Kg2 {[%emt 0:00:06]} Nbd7 {[%emt 0:00:03]} 12. a4 {[%emt 0:00:07] A59: Benko/Volga Gambit: White castles by hand} Ra6 {[%emt 0:00:35]} 13. Qc2 {[%emt 0:00:57]} Qa8 {[%emt 0:00:28]} 14. Ra3 {[%emt 0:02:09]} e6 {[%emt 0:03:19]} 15. dxe6 {[%emt 0:03:00]} fxe6 {[%emt 0:00:07] LiveBook: 15 Games [#]} 16. h3 $146 {[%emt 0:05:46]} ({Find the theoretical novelty and annotate with similar games:} 16. Re1 Ng4 17. Nb5 Qb7 18. Bf4 d5 19. exd5 exd5 {1-0 (39) Leitao,R (2623)-Leon Hoyos,M (2579) Istanbul 2012}) 16... d5 {[%emt 0:07:00]} 17. exd5 {[%emt 0:07:07]} exd5 {[%emt 0:10:32]} 18. Re1 {[%emt 0:04:39]} Ne8 {[%emt 0:36:19]} 19. Qd3 {[%emt 0:05:54]} (19. Nb5 $16) 19... Bxc3 {[%emt 0:01:17]} ({Black should try} 19... d4 $14 20. Ne4 Nef6) 20. Qxc3 {[%emt 0:01:51]} ({Much less strong is} 20. Rxc3 $6 Raf6 $14) 20... Rxa4 {[%emt 0:08:01]} 21. Rxa4 {[%emt 0:10:57]} Qxa4 {[%emt 0:00:03]} 22. Bh6 d4 {[%emt 0:00:06]} 23. Qd3 {[%emt 0:02:12]} Ng7 {[%emt 0:00:24]} 24. Re7 {[%emt 0:09:21]} Rf7 {[%emt 0:00:04]} 25. Rxf7 {[%emt 0:00:23]} Kxf7 {[%emt 0:00:01]} 26. Ng5+ {[%emt 0:00:58]} Kg8 {[%emt 0:00:13]} 27. Qe4 {[%emt 0:04:40]} Nf6 {[%emt 0:01:29]} 28. Qe7 {[%emt 0:04:30]} Qa8+ {[%emt 0:01:38]} 29. Kg1 {[%emt 0:01:14]} Qf8 {[%emt 0:00:16]} 30. Qb7 {[%emt 0:04:10]} Nfe8 {[%emt 0:05:41]} 31. Qd5+ $18 {[%emt 0:09:39]} Kh8 {[%emt 0:00:07]} 32. Kf1 {[%emt 0:00:58]} Qe7 {[%emt 0:02:36]} 33. Bxg7+ {[%emt 0:11:20]} Kxg7 {[%emt 0:01:42]} 34. Ne6+ {[%emt 0:00:27]} Kh6 {[%emt 0:01:48]} 35. Nxc5 {[%emt 0:01:19]} Qf6 {[%emt 0:05:38]} 36. Ne4 {[%emt 0:02:47]} Qf5 {[%emt 0:00:51]} 37. Qxf5 {[%emt 0:00:27]} gxf5 {[%emt 0:00:06]} 38. Nd2 {[%emt 0:03:33]} d3 {[%emt 0:01:51]} 39. Nf3 {[%emt 0:00:08]} Nd6 {[%emt 0:00:11]} 40. Ne5 {[%emt 0:00:21]} d2 {[%emt 0:01:05]} 41. Ke2 {[%emt 0:00:14]} Ne4 {[%emt 0:00:08]} 42. Nc4 {[%emt 0:06:39]} d1=Q+ {[%emt 0:00:56]} 43. Kxd1 {[%emt 0:00:13]} Nxf2+ {[%emt 0:00:02]} 44. Ke2 {[%emt 0:00:38]} Nxh3 {[%emt 0:00:22]} 45. b4 {[%emt 0:00:35]} Ng5 {[%emt 0:00:40]} 46. Nd6 {[%emt 0:01:25]} Kg6 {[%emt 0:01:23]} 47. b5 {[%emt 0:00:18]} Ne6 {[%emt 0:00:41]} 48. b6 {[%emt 0:00:48]} Nc5 {[%emt 0:09:06]} 49. Ke3 {[%emt 0:00:16]} Kg5 {[%emt 0:02:13]} 50. Kd4 {[%emt 0:00:33]} Nd7 {[%emt 0:00:58]} 51. b7 {[%emt 0:01:14]} f4 {[%emt 0:03:26]} 52. Ne4+ {[%emt 0:00:20]} Kf5 {[%emt 0:00:48]} 53. gxf4 {[%emt 0:00:05]} Kxf4 {[%emt 0:01:17]} 54. Nf6 {[%emt 0:00:33]} Nb8 {[%emt 0:00:08]} 55. Nxh7 {[%emt 0:00:04]} Kf5 {[%emt 0:00:11]} 56. Kd5 {[%emt 0:00:00]} Nd7 {[%emt 0:00:55]} 57. Nf8 {[%emt 0:00:01]} Nb8 {[%emt 0:00:28]} 58. Kd6 {[%emt 0:00:37]} Na6 {[%emt 0:00:15]} 59. Nd7 {[%emt 0:00:24]} Kg6 {[%emt 0:00:35]} 60. Nc5 {[%emt 0:00:20]} 1-0

[Event "FRA-ch Youth U18 2018"]
[Site "Agen"]
[Date "2018.04.18"]
[Round "5"]
[White "Chachiachvili, Mariam"]
[Black "Salvador, Lucie"]
[Result "0-1"]
[WhiteElo "1752"]
[BlackElo "1955"]
[Annotator "NA"]
[PlyCount "60"]
[EventDate "2018.??.??"]
[EventType "swiss"]
[EventCountry "FRA"]
[SourceTitle "playchess.com"]
[Source "ChessBase"]
[SourceQuality "1"]
[TimeControl "5400+30"]

1. e4 {[%emt 0:00:00]} e6 {[%emt 0:00:02]} 2. d4 {[%emt 0:00:00]} d5 {[%emt 0:00:05]} 3. exd5 {[%emt 0:00:00]} exd5 {[%emt 0:00:04]} 4. Nf3 {[%emt 0:00:00]} c5 {[%emt 0:00:26] LiveBook: 56 Games} 5. Bb5+ {[%emt 0:01:05]} Bd7 {[%emt 0:03:10]} 6. Qe2+ {[%emt 0:02:19]} Be7 {[%emt 0:01:30]} 7. O-O {[%emt 0:01:17]} a6 {[%emt 0:06:36]} ({Black should try} 7... Nf6 $14) 8. Bxd7+ {[%emt 0:01:04]} Nxd7 {[%emt 0:00:09]} 9. Nc3 {[%emt 0:04:42]} Ngf6 $16 {[%emt 0:04:48]} 10. Re1 {[%emt 0:02:40]} b5 {[%emt 0:04:11]} 11. Bf4 {[%emt 0:01:49]} Nf8 {[%emt 0:12:42]} 12. Rad1 {[%emt 0:26:01]} Ne6 {[%emt 0:08:14]} 13. Be5 {[%emt 0:00:59]} c4 {[%emt 0:05:55]} 14. Bxf6 {[%emt 0:06:23]} Bxf6 {[%emt 0:02:16]} 15. Ne5 {[%emt 0:00:30]} Qd6 {[%emt 0:02:32]} 16. Qg4 {[%emt 0:07:25]} O-O {[%emt 0:08:06]} 17. f4 {[%emt 0:01:42]} Rad8 {[%emt 0:07:02]} 18. Ne2 {[%emt 0:09:07]} Qb6 {[%emt 0:10:31]} 19. Kh1 {[%emt 0:07:05]} g6 {[%emt 0:01:24]} 20. c3 {[%emt 0:05:11]} h5 {[%emt 0:06:11]} 21. Qf3 {[%emt 0:02:11]} Bxe5 {[%emt 0:04:10]} 22. dxe5 {[%emt 0:04:38]} Nc5 {[%emt 0:00:53]} 23. Nd4 {[%emt 0:01:43]} Nd3 {[%emt 0:02:03]} 24. Re2 {[%emt 0:00:20]} b4 {[%emt 0:00:51]} 25. e6 {[%emt 0:02:55]} Rfe8 {[%emt 0:00:47]} 26. exf7+ {[%emt 0:00:10]} Kxf7 {[%emt 0:00:05]} 27. Rxe8 {[%emt 0:00:16]} Kxe8 {[%emt 0:00:58]} 28. Rd2 {[%emt 0:06:34]} bxc3 {[%emt 0:00:30]} 29. bxc3 {[%emt 0:05:37]} Qb1+ {[%emt 0:00:34]} 30. Rd1 {[%emt 0:00:38]} Qxd1+ {[%emt 0:00:43]} 0-1